Analytical approaches to stabilization and adjustment programs /

Na minha lista:
Detalhes bibliográficos
Autor principal: Mills, Cadman Atta
Autor Corporativo: World Bank Economic Development Institute
Outros Autores: Nallari, Raj
Formato: Livro
Publicado em: Washington, D.C. : World Bank, c1992.
Assuntos:
Tags: Adicionar Tag
Sem tags, seja o primeiro a adicionar uma tag!

MARC

LEADER 00000pam a2200000 a 4500
020 |a 0821319434 
040 |a MUL  |b eng  |e AACR  |c MUL 
082 0 0 |a 338.90091724 MIL 
100 1 |a Mills, Cadman Atta, 
110 |a Mills, Cadman Atta  
245 1 0 |a Analytical approaches to stabilization and adjustment programs /  |c Cadman Atta Mills and Raj Nallari. 
260 |a Washington, D.C. :  |b World Bank,  |c c1992. 
300 |a v, 135 p. :  |b ill. ;  |c 28 cm. 
504 |a Includes bibliographical references. 
650 0 |a Economic stabilization  |z Developing countries 
650 0 |a Structural adjustment (Economic policy)  |z Developing countries. 
700 1 |a Nallari, Raj, 
710 |a World Bank  |b Economic Development Institute 
942 |c BK 
999 |c 8794  |d 8794